|
|
|
|
| LEADER |
00000nam a22000007a 4500 |
| 005 |
20140819112546.0 |
| 007 |
cr|||| |||| |
| 008 |
140819s2014 es |||||s|||| 00||0 spa d |
| 035 |
|
|
|a 6714
|
| 040 |
|
|
|a vLex
|
| 090 |
|
|
|c 5114
|d 5114
|
| 100 |
1 |
|
|a Da̕z Echegaray, Jos ̌Luis
|
| 245 |
1 |
0 |
|a Prc̀tico Concursal
|h [Recurso electrn̤ico] /
|c Jos ̌Luis Da̕z Echegaray
|
| 256 |
|
|
|a Servicio en ln̕ea
|
| 260 |
|
|
|a Barcelona:
|b vLex,
|c 2014
|
| 300 |
|
|
|a 1 recurso electrn̤ico
|
| 500 |
|
|
|a Los principales aspectos de la tramitacin̤ concursal. Gua̕ prc̀tica complementada con la mejor seleccin̤ de recursos legales para contextualizar y ampliar el marco de los temas. Incluye esquema procesal con presentacin̤ visual de las distintas fases del procedimiento y enlaces a los documentos claves de cada etapa.
|
| 506 |
1 |
|
|a Disponible solo en los productos indicados
|d vLex Global
|d vLex Global (Academic Edition, excluding Law Schools)
|d vLex Global (U.S. Academic Edition, Law Schools)
|d vLex Global (U.S. Academic Edition, excluding Law Schools)
|d vLex Global (Academic Edition, Law Schools)
|
| 650 |
0 |
4 |
|a Derecho Mercantil y de la Empresa
|z Espaą
|
| 740 |
0 |
|
|a vLex Libros (Servicio en ln̕ea)
|
| 856 |
4 |
0 |
|u http://app.vlex.com/#ES.concursal/browse
|z Acceso restringido
|
| 942 |
|
|
|c BOOK
|
| 999 |
0 |
|
|a Commercial Law and Business
|